AH International Schools' Libraries

I love us / (Record no. 48563)

MARC details
000 -LEADER
fixed length control field 00399nam a2200133 4500
020 ## - INTERNATIONAL STANDARD BOOK NUMBER
International Standard Book Number 9781774021378
100 ## - MAIN ENTRY--PERSONAL NAME
Personal name Hansen, Sydney,
Relator term Illustrator.
9 (RLIN) 86103
245 ## - TITLE STATEMENT
Title I love us /
Statement of responsibility, etc Illustrated by Sydney Hansen.
260 ## - PUBLICATION, DISTRIBUTION, ETC. (IMPRINT)
Place of publication, distribution, etc Chicago,
Name of publisher, distributor, etc Rainstorm.;
Date of publication, distribution, etc 2019.
300 ## - PHYSICAL DESCRIPTION
Extent 20 pages.
Dimensions 8 x 0.75 x 8 inches.
650 ## - SUBJECT ADDED ENTRY--TOPICAL TERM
9 (RLIN) 35485
Topical term or geographic name as entry element Family
Location of event Great Britain
650 ## - SUBJECT ADDED ENTRY--TOPICAL TERM
9 (RLIN) 81279
Topical term or geographic name as entry element Mother and child
942 ## - ADDED ENTRY ELEMENTS (KOHA)
Source of classification or shelving scheme
Koha item type Board Book
Holdings
Withdrawn status Lost status Source of classification or shelving scheme Damaged status Not for loan Home library Current library Date acquired Total Checkouts Full call number Barcode Checked out Date last seen Date checked out Price effective from Koha item type
          Logos International School Logos International School 03/11/2025 9 BB HAN 040492 05/15/2026 04/27/2026 04/27/2026 03/11/2025 Board Book

For any Logos Library related questions please contact Miss Art at swongnarasuk@asianhope.org.

For any Asian Hope Library related questions please contact Miss Raza at graza@asianhope.org.

Powered by Koha